Normal view
MARC view
Entry Personal Name
001 - CONTROL NUMBER
- control field: 4532
003 - CONTROL NUMBER IDENTIFIER
- control field: OSt
005 - DATE AND TIME OF LATEST TRANSACTION
- control field: 20190417113636.0
008 - FIXED-LENGTH DATA ELEMENTS
- fixed length control field: 190417|| aca||aabn | a|a d
040 ## - CATALOGING SOURCE
- Original cataloging agency: OSt
- Transcribing agency: OSt
100 ## - HEADING--PERSONAL NAME
- Personal name: Patnaik, Utsa
670 ## - SOURCE DATA FOUND
- Source citation: Work cat.: (OSt): Patnaik, Utsa, Profit inflation, Keynes and the Holocaust in Bengal, 1943-44, 2018
